Archivmaterialien zu Dirk Baier, 1976-

Guardado en:  
Detalles Bibliográficos
Autor principal: Baier, Dirk 1976- (Autor)
Tipo de documento: Electrónico Archival Collections
Lenguaje:Alemán
En:Año: 2019
Acceso en línea: Archivdatenbank (Archivportal-D)
Verificar disponibilidad: HBZ Gateway

MARC

LEADER 00000npc a22000002 4500
001 LR132572702
003 PipeLineGenerated
005 20260508112529.0
008 190606s2019 xx ||||| 00| ||ger c
100 |a Baier, Dirk  |0 (DE-588)132572702  |0 (DE-627)523956215  |d 1976- 
245 |a Archivmaterialien zu Dirk Baier, 1976- 
856 |u https://www.archivportal-d.de/person/gnd/132572702  |3 Archivdatenbank (Archivportal-D) 
ELC |a 1